000
00218nam a2200085Ia 4500
008
120527s9999 xx 000 0 und d
100
_a
McCONNELL & BRUE
245
_a
Economics: Principles, problem and policy
942
_c
BK
999
_c
27104
_d
27104